000 00596nam a2200205Ia 4500
001 21632
003 GE_BSU
008 181216s||||||||xx |||||||||||||| ||und||
040 _cGE_BSU
080 _aპერიოდიკა
245 4 _aThe Economist, November 25th-December 1st. Number 9068 2017.
245 _bNumber 9032 Volume 422
260 _aParis
260 _c2017
300 _a86 стр. 29 см. илл.
653 _aNumber 9032 Volume 422
653 _aThe Economist, November 25th-December 1st. Number 9068 2017.
653 _aპერიოდიკა
942 _cCR
999 _c54567
_d54567